Normal view
MARC view
- Andrews, Margaret M.,
Entry Personal Name
001 - CONTROL NUMBER
- control field: 6477
003 - CONTROL NUMBER IDENTIFIER
- control field: URS
005 - DATE AND TIME OF LATEST TRANSACTION
- control field: 20250916152111.0
008 - FIXED-LENGTH DATA ELEMENTS
- fixed length control field: 250916|| aca||aabn | a|a d
040 ## - CATALOGING SOURCE
- Original cataloging agency: URS
100 ## - HEADING--PERSONAL NAME
- Personal name: Andrews, Margaret M.,
- Relator term: author.